La philosophie de l'action

Guardat en:
Dades bibliogràfiques
Autor principal: Duméry, Henry (Autor)
Format: Llibre
Idioma:francès
Publicat: París Aubier 1948
Col·lecció:Philosophie de l'esprit
Matèries:
Etiquetes: Afegir etiqueta
Sense etiquetes, Sigues el primer a etiquetar aquest registre!

MARC

LEADER 00000nam a2200000 a 4500
001 UCZ3269
003 CL-VaPUC
008 951020e19480000FR |||||||||||||||||fre|d
082 0 4 |a 190  |b DUM  |2 21 
100 0 |a Duméry, Henry  |e author  |9 347052 
245 1 3 |a La philosophie de l'action 
246 1 0 |a Essai sur l'intellectualisme blondelien 
300 |a 223 p 
942 |c BK 
945 |d 19951020 00:00:00  |a cmena 
260 |a París  |b Aubier  |c 1948 
650 0 |a Filosofía francesa   |9 255698 
650 0 |a Cristianismo  |9 257361 
650 0 |a Filosofía moderna  |9 258121 
650 0 |a Conceptos morales   |9 310606 
583 |a last modification  |c 19951020 00:00:00  |k Rodrigo Vera 
490 0 |a Philosophie de l'esprit 
999 |c 239759  |d 239757 
952 |0 0  |1 0  |4 0  |6 190_000000000000000_DUM_1948  |7 0  |8 P  |9 251143  |a BIBEDU  |b BIBEDU  |c BIBEDU_PB  |d 2019-11-18  |i 1584960  |o 190 DUM 1948  |p 1584960  |r 2024-01-25  |w 2019-11-18  |y BK  |k FIL